Fairy Tail Charaktere - Statistiken

Allgemein
  • Dieses Quiz wurde 110 mal gespielt
  • Das Durchschnittsergebnis liegt bei 22 aus 36
Antwortstatistiken
Bildquiz Antwort % Korrekt
Natsu Dragneel
99%
Erza Scarlet
98%
Happy
98%
Gray Fullbuster
95%
Wendy Marvell
94%
Lucy Heartfilia
90%
Laxus Dreyar
88%
Juvia Lockser
86%
Frosch
79%
Gajeel Redfox
77%
Mirajane Strauss
75%
Zeref
75%
Elfman Strauss
74%
Cana Alberona
73%
Igneel
71%
Gildarts Clive
70%
Mavis Vermilion
70%
Makarov Dreyar
69%
Jellal Fernandes
67%
Levy McGarden
60%
Carla
58%
Lisanna Strauss
57%
Acnologia
52%
Ur
51%
Ultear Milkovich
48%
Aries
46%
Minerva Orland
43%
Pantherlily
40%
Rogue Cheney
39%
Angel
38%
Bisca Mulan
31%
Brandish Myu
27%
Irene Belserion
24%
Zera
21%
Millianna
17%
Meredy
14%
Keine übereinstimmenden Quizze gefunden
Verteilung der Resultate
Anzahl Personen mit jedem Resultat
Perzentil nach korrekt beantworteten Fragen
Ihre Resultats-Entwicklung
Sie haben dieses Quiz noch nicht gespielt